Latin Quiz 11 - Statistics

General Stats
  • This quiz has been taken 12 times
  • The average score is 7 of 25
Answer Stats
Word Translation % Correct
Visito To visit
82%
Scribo To write
82%
Curro To run
55%
Aedifico To build
45%
Facio To make
45%
Lego To read
45%
Ago To do
36%
Constituo To decide
27%
Quiesco To rest
27%
Monstro To show
27%
Colo To cultivate
18%
Circumeo To go around
18%
Trado To hand over
18%
Occuro To meet
18%
Maneo To remain
18%
Redeo To return
18%
Sto To stand
18%
Sumo To take
18%
Stupeo To be amazed
9%
Caveo To be careful
9%
Cado To fall
9%
Discedo To go away
9%
Conduco To hire
9%
advenio To reach
9%
Excipio To welcome
9%
No matching quizzes found
Score Distribution
Percent of People with Each Score
Percentile by Number Answered
Your Score History
You have not taken this quiz